|
|
|
|
| LEADER |
01044nam a22002657a 4500 |
| 001 |
31025 |
| 003 |
BD-DhAAL |
| 005 |
20160529112647.0 |
| 008 |
160529s3102 bg ||||| |||| 00| 0 eng d |
| 020 |
|
|
|a 9848715134
|
| 040 |
|
|
|a BD-DhAAL
|c BD-DhAAL
|
| 082 |
|
|
|2 23
|a 821
|
| 100 |
|
|
|a Hashim, Syed Najmuddin
|9 19610
|
| 245 |
|
|
|a Hopefully the pomegranate /
|c Syed Najmuddin Hashim, edited by Niaz Zaman
|
| 260 |
|
|
|a Dhaka :
|b Writers Ink. ;
|c 24 cm.
|
| 300 |
|
|
|a xii, 114 pages ;
|c 23 cm
|
| 526 |
|
|
|a ENH
|
| 541 |
|
|
|e 31025, 31026
|
| 650 |
|
|
|a Bangladeshi poetry (English)
|9 19609
|
| 700 |
|
|
|a Zaman, Niaz
|9 19611
|
| 852 |
|
|
|a Ayesha Abed Library
|
| 942 |
|
|
|2 ddc
|c BK
|
| 999 |
|
|
|c 37574
|d 37574
|
| 952 |
|
|
|0 0
|1 0
|2 ddc
|4 0
|6 821_000000000000000_HAS
|7 0
|9 59057
|a BRACUL
|b BRACUL
|c GEN
|d 2016-05-29
|e Writers Ink
|g 325.00
|l 0
|o 821 HAS
|p 3010031025
|r 2016-05-29
|t 1
|w 2016-05-29
|y BK
|
| 952 |
|
|
|0 0
|1 0
|2 ddc
|4 0
|6 821_000000000000000_HAS
|7 0
|9 59058
|a BRACUL
|b BRACUL
|c GEN
|d 2016-05-29
|e Writers Ink
|g 325.00
|l 3
|m 2
|o 821 HAS
|p 3010031026
|r 2024-09-24
|s 2024-09-08
|t 2
|w 2016-05-29
|y BK
|